01140nam a2200337Ia 450000500170000000800410001702000180005802000150007604100080009110000260009924501060012525000190023130000250025049000130027553400330028865000330032165000370035465000390039165000320043065000320046265000360049465000380053065000340056870000360060226400300063833600270066833700330069533800280072804000350075608400110079120220317001735.0170328s2008 s g 000 f s  a9789584238597 a9584238590 aspa1 aKundera, Miland1929-13aLa insoportable levedad del sercMilan Kundera ; traducido del original checo por Fernando Valenzuela a29a. edición a329 páginasc21 cm aAndanzas tNesnesitelná lehkrost byti142LEMBaNovela checaySiglo XX142LEMBaLiteratura checaySiglo XX142LEMBaFilosofía en la literatura142LEMBaAmor en la literatura142LEMBaSexo en la literatura142LEMBaErotismo en la literatura142LEMBaTraición en la literatura142LEMBaMuerte en la literatura1 aValenzuela, Fernandoetraductor aBarcelonabTusquetsc2008 atextobtxt2rdacontent asin mediaciónbn2rdamedia avolumenbnc2rdacarrier aCO-BoRNBPbspaerdacCO-BoRNBP aN KUN1